000 01435cam a2200421 i 4500
999 _c8051
_d8051
001 18070348
003 OSt
005 20200110160233.0
007 ta
008 131226s2014 ii b 001 0 eng d
010 _a 2014347055
020 _a9788177083736
020 _a8177083732
025 _aI-E-2014-347055; 84-90;70-90
035 _a(OCoLC)ocn868023507
035 _a(OCoLC)868023507
037 _aLibrary of Congress -- New Delhi Overseas Office
040 _aDKAGE
_beng
_erda
_coclc
_dDLC
042 _alccopycat
_alcode
_apcc
043 _aa-ii---
050 0 0 _aHD6189
_b.S93 2014
082 0 4 _a305.420954
_223
_bSWA/M
100 _aSwain, Rabindra Kumar
_eauthor.
_91126
245 1 0 _aMicro finance, micro enterprises and women entrepreneurs /
_cRabindra Kumar Swain.
264 1 _aNew Delhi :
_bNew Century Publications,
_c2014.
300 _axix, 192 pages ;
_c23 cm
336 _atext
_btxt
_2rdacontent
337 _aunmediated
_bn
_2rdamedia
338 _avolume
_bnc
_2rdacarrier
504 _aIncludes bibliographical references (pages 173-185) and index.
650 0 _aBusinesswomen
_zIndia.
650 0 _aBusinesswomen
_xGovernment policy
_zIndia.
650 0 _aMicrofinance
_zIndia.
650 0 _aSmall business
_zIndia.
906 _a7
_bcbc
_ccopycat
_d3
_encip
_f20
_gy-gencatlg
942 _2ddc
_cBK
_h305.420954
_iSWA/M
_k305.420954
_mSWA/M